000 00351cam a22001097a 4500
008 180718b1990 xxu||||| |||| 00| 0 eng d
082 _aO96 Un3p
245 _aStrategy for improved nutrition of children and women in developing countries
_cby UNICEF
260 _aNew York
_bUnited Nations Children's Fund
_c1990
300 _a36p.
700 _aUSA. UNICEF
999 _c494190
_d494190